000 00516nam a22001697a 4500
999 _c525891
_d525891
003 NUST
020 _qH/B
038 _awaseem
082 _a297.62
_bNUS
100 _aNushai, Syed Muhammad Hayat Rabani
_916837
245 _aTazkara-yi-Nushahiya /
_cSyed Muhammad Hayat Rabani Nushai
260 _aIslamabad :
_bIdara Mahraf-yi-Nushahi,
_c2010.
300 _a656 p. ;
880 _6100-01\r
_aسید محمد حیات ربانی نوشاہی
880 _6245-02\r
_aتزکرہ نوشاییہ /
942 _2ddc
_cBK